00363nam a2200133Ia 4500008004100000041000800041082001000049100002100059260002600080245009100106250000600197300000700203650001900210220805s9999 xx 000 0 und d amar a371.8 aKasande, Pallavi aMumbaibMadhurac2006 aस्व अभ्यास तंत्र मंत्र (Swa Abhas Tantra Mantra) a1 a95 aSelf Education